[Event "Wch U18 Girls"]
[Site "Maribor"]
[Date "2012.11.12"]
[Round "6.37"]
[White "Stark, Saskia"]
[Black "Popadic, Mirjana"]
[Result "1/2-1/2"]
[WhiteElo "1983"]
[BlackElo "1598"]
[PlyCount "74"]
[EventDate "2012.11.08"]
[EventType "swiss"]
[EventRounds "11"]
[EventCountry "SLO"]
[SourceTitle "EXT 2013"]
[Source "ChessBase"]
[SourceDate "2012.11.22"]
[SourceVersion "1"]
[SourceVersionDate "2012.11.22"]
[SourceQuality "1"]

1. e4 e5 2. Nf3 Nc6 3. d4 exd4 4. Nxd4 Nf6 5. Nc3 Bb4 6. Nxc6 bxc6 7. Bd3 0-0 8. 0-0 h6 9. e5 Bxc3 10. bxc3 Nd5 11. Qg4 d6 12. Qg3 dxe5 13. Bxh6 Qf6 14. Bg5 Qd6 15. Qh4 f5 16. c4 Nf6 17. c5 Qe7 18. Rfe1 e4 19. Bc4+ Be6 20. Bxe6+ Qxe6 21. Qg3 Rf7 22. Qb3 Qxb3 23. axb3 Nd5 24. Ra4 Nc3 25. Ra6 Rd7 26. g3 Nb5 27. Be3 Kf7 28. Rea1 Nc3 29. Rxa7 Rb8 30. R7a6 Nd5 31. Rd1 Re7 32. Ra7 Nxe3 33. fxe3 Rb5 34. Kf2 Rxc5 35. c4 Ke6 36. Rd8 Rd7 37. Rxd7 Kxd7 1/2-1/2

[Event "Wch U18 Girls"]
[Site "Maribor"]
[Date "2012.11.11"]
[Round "4.36"]
[White "Stark, Saskia"]
[Black "Pereira, Susana Martins"]
[Result "0-1"]
[WhiteElo "1983"]
[BlackElo "1571"]
[PlyCount "54"]
[EventDate "2012.11.08"]
[EventType "swiss"]
[EventRounds "11"]
[EventCountry "SLO"]
[SourceTitle "EXT 2013"]
[Source "ChessBase"]
[SourceDate "2012.11.22"]
[SourceVersion "1"]
[SourceVersionDate "2012.11.22"]
[SourceQuality "1"]

1. e4 c5 2. Nc3 e6 3. g3 d5 4. d3 Nc6 5. Bg2 Nf6 6. exd5 Nxd5 7. Nge2 Be7 8. 0-0 0-0 9. Re1 a6 10. Nxd5 exd5 11. Nf4 d4 12. a3 Bf5 13. Qh5 Qd7 14. Nd5 Bd8 15. Bg5 Bg4 16. Qh4 f6 17. h3 Be6 18. Qe4 Bf5 19. Nxf6+ Bxf6 20. Qd5+ Qxd5 21. Bxd5+ Kh8 22. Bxc6 bxc6 23. Bxf6 Rxf6 24. g4 Bg6 25. b3 Raf8 26. Re2 h5 27. Kg2 Bf7 0-1

[Event "Oberliga Ost-A 1213"]
[Site "Germany"]
[Date "2012.10.14"]
[Round "1.8"]
[White "Linnemann, Niklas"]
[Black "Stark, Saskia"]
[Result "1/2-1/2"]
[WhiteElo "1932"]
[BlackElo "1983"]
[PlyCount "98"]
[EventDate "2012.10.14"]
[EventType "team-tourn"]
[EventRounds "11"]
[EventCountry "GER"]
[SourceTitle "EXT 2014"]
[Source "ChessBase"]
[SourceDate "2013.11.20"]
[SourceVersion "1"]
[SourceVersionDate "2013.11.20"]
[SourceQuality "1"]
[WhiteTeam "Coswig"]
[BlackTeam "Dresden Gruen Weiss"]
[WhiteTeamCountry "GER"]
[BlackTeamCountry "GER"]

1. e4 c5 2. Nf3 e6 3. d4 cxd4 4. Nxd4 a6 5. Nc3 b5 6. a3 Bb7 7. Bd3 Qb6 8. Nb3 Qc7 9. 0-0 Nf6 10. Bg5 Be7 11. f4 d6 12. Qe2 Nbd7 13. Rae1 h6 14. Bxf6 Bxf6 15. Nd1 h5 16. c3 Nc5 17. Nxc5 Qxc5+ 18. Nf2 e5 19. f5 Ke7 20. Rc1 Bg5 21. Rc2 Qe3 22. Qd1 Rac8 23. Re1 Qb6 24. Qe2 Bh4 25. Qf3 a5 26. g3 Bf6 27. Qe2 h4 28. g4 h3 29. Qe3 Qxe3 30. Rxe3 Bg5 31. Rxh3 Rxh3 32. Nxh3 Be3+ 33. Kg2 d5 34. Kf3 Rh8 35. Nf2 Bxf2 36. Rxf2 Rh3+ 37. Ke2 dxe4 38. Bxb5 e3 39. Rf1 Rxh2+ 40. Kxe3 Rxb2 41. a4 Rc2 42. c4 Rc3+ 43. Ke2 Rg3 44. c5 Rxg4 45. Rd1 Re4+ 46. Kf2 Rf4+ 47. Ke3 Re4+ 48. Kf2 Rf4+ 49. Ke3 Re4+ 1/2-1/2

[Event "GER-ch U18 Girls"]
[Site "Oberhof"]
[Date "2012.06.02"]
[Round "9"]
[White "Tran, My Linh"]
[Black "Stark, Saskia"]
[Result "1-0"]
[WhiteElo "2001"]
[BlackElo "1852"]
[PlyCount "109"]
[EventDate "2012.05.27"]
[EventType "swiss"]
[EventRounds "9"]
[EventCountry "GER"]
[SourceTitle "CBM 148 Extra"]
[Source "ChessBase"]
[SourceDate "2012.06.22"]
[SourceVersion "1"]
[SourceVersionDate "2012.06.22"]
[SourceQuality "1"]

1. e4 c5 2. Nf3 e6 3. c4 a6 4. Nc3 d6 5. d4 cxd4 6. Nxd4 Nf6 7. Be2 Qc7 8. 0-0 Nbd7 9. Be3 b6 10. f3 Be7 11. Qd2 Bb7 12. Rfc1 Rc8 13. a4 0-0 14. a5 bxa5 15. Nb3 a4 16. Nxa4 Nc5 17. Na5 Ba8 18. b4 Nxa4 19. Rxa4 Rfd8 20. Raa1 Nd7 21. Rab1 Rb8 22. Bf1 h6 23. Rb3 Ne5 24. b5 Bb7 25. Rcb1 Nd7 26. Qa2 Nc5 27. b6 Qd7 28. Ra3 Ba8 29. Bxc5 dxc5 30. Rab3 Bb7 31. Rd3 Qc8 32. Ra3 Ba8 33. Qc2 Rd6 34. Rab3 Bb7 35. Qa2 Bd8 36. e5 Rd7 37. Bd3 Bg5 38. Nxb7 Qxb7 39. Be4 Qc8 40. b7 Qd8 41. Rf1 Rd2 42. Qa3 Qd4+ 43. Kh1 Qxe5 44. Rd3 f5 45. Rxd2 Bxd2 46. Bc6 a5 47. Qd3 Qc7 48. Bd7 Bf4 49. Bxe6+ Kh8 50. Bd5 Bxh2 51. Qxf5 Bg3 52. Be4 g5 53. Rd1 Qg7 54. Rd7 Qa1+ 55. Bb1 1-0

[Event "GER-ch U18 Girls"]
[Site "Oberhof"]
[Date "2012.05.31"]
[Round "7"]
[White "Stark, Saskia"]
[Black "Marx, Inga"]
[Result "1-0"]
[WhiteElo "1852"]
[BlackElo "1671"]
[PlyCount "57"]
[EventDate "2012.05.27"]
[EventType "swiss"]
[EventRounds "9"]
[EventCountry "GER"]
[SourceTitle "CBM 148 Extra"]
[Source "ChessBase"]
[SourceDate "2012.06.22"]
[SourceVersion "1"]
[SourceVersionDate "2012.06.22"]
[SourceQuality "1"]

1. e4 c5 2. Nc3 Nc6 3. Bb5 g6 4. Bxc6 dxc6 5. d3 Bg7 6. h3 e5 7. Be3 b6 8. Qd2 Be6 9. b3 f6 10. Nge2 g5 11. h4 g4 12. h5 h6 13. f4 exf4 14. Nxf4 Bf7 15. Qe2 Qd7 16. Rh4 Kf8 17. 0-0-0 f5 18. Bd2 Re8 19. Rf1 Ne7 20. Qf2 Bd4 21. Qg3 Bf6 22. Rhh1 Qd4 23. Nfe2 Qb4 24. Nb1 Qb5 25. Qd6 Kg7 26. e5 Bg5 27. Bxg5 hxg5 28. Qf6+ Kg8 29. e6 1-0

[Event "GER-ch U18 Girls"]
[Site "Oberhof"]
[Date "2012.05.30"]
[Round "6"]
[White "Schrader, Elanor"]
[Black "Stark, Saskia"]
[Result "1/2-1/2"]
[WhiteElo "1597"]
[BlackElo "1852"]
[PlyCount "87"]
[EventDate "2012.05.27"]
[EventType "swiss"]
[EventRounds "9"]
[EventCountry "GER"]
[SourceTitle "CBM 148 Extra"]
[Source "ChessBase"]
[SourceDate "2012.06.22"]
[SourceVersion "1"]
[SourceVersionDate "2012.06.22"]
[SourceQuality "1"]

1. e4 d5 2. exd5 Qxd5 3. Nc3 Qd6 4. d4 Nf6 5. Nf3 a6 6. g3 b5 7. Bg2 Bb7 8. 0-0 e6 9. a3 Nbd7 10. Bf4 Qb6 11. Re1 Be7 12. Qd2 Rd8 13. Be3 c5 14. dxc5 Bxc5 15. Bxc5 Nxc5 16. Qe3 0-0 17. b4 Ncd7 18. Qxb6 Nxb6 19. Ne5 Bxg2 20. Kxg2 Rc8 21. Re3 Rfd8 22. a4 Nfd5 23. Nxd5 Nxd5 24. Rb3 Rxc2 25. axb5 axb5 26. Ra7 f6 27. Nd3 Rc7 28. Ra5 Rb8 29. Nc5 Rb6 30. Ne4 Rc4 31. Nc5 Nxb4 32. Ra8+ Kf7 33. Ra7+ Kg6 34. Nd7 Rd6 35. Rb7 Rd2 36. Nf8+ Kh6 37. Rxb5 Nd3 38. Nxe6 Nxf2 39. Rb2 Rcc2 40. Rxc2 Rxc2 41. Nd4 Ra2 42. Nf5+ Kg6 43. Nh4+ Kh6 44. Nf5+ 1/2-1/2

[Event "Sachsen-ch U18 Girls"]
[Site "Sebnitz"]
[Date "2012.04.10"]
[Round "1"]
[White "Stark, Saskia"]
[Black "Barwisch, Isabel"]
[Result "1-0"]
[WhiteElo "1856"]
[BlackElo "1267"]
[PlyCount "89"]
[EventDate "2012.04.10"]
[EventType "swiss"]
[EventRounds "5"]
[EventCountry "GER"]
[SourceTitle "CBM 148 Extra"]
[Source "ChessBase"]
[SourceDate "2012.06.22"]
[SourceVersion "1"]
[SourceVersionDate "2012.06.22"]
[SourceQuality "1"]

1. e4 e6 2. d4 d5 3. Nd2 c5 4. exd5 Qxd5 5. Ngf3 cxd4 6. Bc4 Qc5 7. 0-0 Nc6 8. Qe2 Nf6 9. Nb3 Qb6 10. Bf4 a6 11. Rad1 Bc5 12. Nxc5 Qxc5 13. Rd2 0-0 14. Rfd1 Re8 15. Be5 Nd7 16. Bxd4 Nxd4 17. Rxd4 Nf6 18. Ne5 b5 19. Bb3 Bb7 20. h3 Bd5 21. c4 bxc4 22. Bxc4 Bxc4 23. Rxc4 Qb5 24. b3 Rac8 25. Rdc1 Rc5 26. Nd3 Rd5 27. Nf4 Rf5 28. Qc2 g6 29. Ne2 Qb6 30. Nc3 Rd8 31. g4 Rf3 32. Na4 Qb7 33. Rc8 Rxc8 34. Qxc8+ Qxc8 35. Rxc8+ Kg7 36. Kg2 Rd3 37. Nc5 Rd2 38. a4 Rb2 39. Rc6 e5 40. Rxa6 Rc2 41. Rc6 Rb2 42. Kg3 e4 43. Rc7 Kf8 44. a5 Ra2 45. a6 1-0

[Event "GER-ch U18 Girls"]
[Site "Oberhof"]
[Date "2011.06.12"]
[Round "1"]
[White "Koelbl, Ines"]
[Black "Stark, Saskia"]
[Result "0-1"]
[WhiteElo "1808"]
[BlackElo "2019"]
[PlyCount "48"]
[EventDate "2011.06.11"]
[EventType "swiss"]
[EventRounds "9"]
[EventCountry "GER"]
[SourceTitle "CBM 142 Extra"]
[Source "ChessBase"]
[SourceDate "2011.06.27"]
[SourceVersion "1"]
[SourceVersionDate "2011.06.27"]
[SourceQuality "1"]

1. d4 d5 2. Nf3 Nf6 3. c4 dxc4 4. e3 Bg4 5. Bxc4 e6 6. h3 Bh5 7. Qb3 Bxf3 8. gxf3 Nbd7 9. Qxb7 c5 10. dxc5 Bxc5 11. Nd2 Rb8 12. Qc6 0-0 13. f4 Rc8 14. Qg2 Bb4 15. Ba6 Rxc1+ 16. Rxc1 Nc5 17. 0-0 Qxd2 18. Bc4 Qxb2 19. Qc6 Nce4 20. Rb1 Qd2 21. Qb7 Bc5 22. a4 Nxf2 23. Rb2 Qxe3 24. Rbxf2 Ne4 0-1

[Event "GER-chT U20 Girls"]
[Site "Magdeburg"]
[Date "2010.12.29"]
[Round "5.1"]
[White "Anker, Christin"]
[Black "Stark, Saskia"]
[Result "1/2-1/2"]
[WhiteElo "1857"]
[BlackElo "1953"]
[PlyCount "28"]
[EventDate "2010.12.27"]
[EventType "team-swiss"]
[EventRounds "7"]
[EventCountry "GER"]
[SourceTitle "CBM 140 Extra"]
[Source "ChessBase"]
[SourceDate "2011.03.01"]
[SourceVersion "1"]
[SourceVersionDate "2011.03.01"]
[SourceQuality "1"]
[WhiteTeam "Stetten"]
[BlackTeam "Dresden Gruen Weiss"]
[WhiteTeamCountry "GER"]
[BlackTeamCountry "GER"]

1. e4 c5 2. Nf3 e6 3. d4 cxd4 4. Nxd4 Nc6 5. Nxc6 bxc6 6. c4 Nf6 7. Nc3 Bb4 8. Bd3 0-0 9. 0-0 d5 10. cxd5 cxd5 11. exd5 Bxc3 12. bxc3 Qxd5 13. Be2 Qc5 14. Qb3 Qe5 1/2-1/2

[Event "GER-chT U20 Girls"]
[Site "Magdeburg"]
[Date "2010.12.28"]
[Round "3.1"]
[White "Schmalhorst, Sophia"]
[Black "Stark, Saskia"]
[Result "0-1"]
[WhiteElo "1862"]
[BlackElo "1953"]
[PlyCount "116"]
[EventDate "2010.12.27"]
[EventType "team-swiss"]
[EventRounds "7"]
[EventCountry "GER"]
[SourceTitle "CBM 140 Extra"]
[Source "ChessBase"]
[SourceDate "2011.03.01"]
[SourceVersion "1"]
[SourceVersionDate "2011.03.01"]
[SourceQuality "1"]
[WhiteTeam "Rossdorf"]
[BlackTeam "Dresden Gruen Weiss"]
[WhiteTeamCountry "GER"]
[BlackTeamCountry "GER"]

1. e4 c5 2. Nf3 e6 3. d4 cxd4 4. Nxd4 a6 5. Bd3 Bc5 6. Nb3 Ba7 7. Qe2 Nc6 8. Be3 d6 9. Bxa7 Rxa7 10. Nc3 Nf6 11. 0-0 0-0 12. a4 b6 13. f4 Nd7 14. Rae1 Re8 15. Qf2 Nf8 16. Nd4 Nxd4 17. Qxd4 Rd7 18. Qf2 Ng6 19. Na2 Bb7 20. Qe2 Qc8 21. Kh1 e5 22. f5 Nf4 23. Qg4 f6 24. Nc3 d5 25. Rf3 Qa8 26. exd5 Nxd5 27. Bc4 Kh8 28. Rd3 Red8 29. Red1 Nxc3 30. Rxd7 Bxg2+ 31. Qxg2 Nxd1 32. Bd5 Rxd7 33. Bxa8 Ne3 34. Qe2 Rd1+ 35. Qxd1 Nxd1 36. b4 a5 37. bxa5 bxa5 38. Kg1 Kg8 39. c4 Ne3 40. c5 Nxf5 41. c6 Kf7 42. c7 Nd6 43. Bb7 f5 44. c8Q Nxc8 45. Bxc8 Kf6 46. Kf2 e4 47. Ba6 g5 48. Be2 h6 49. h3 Ke5 50. Bd1 Kd4 51. Be2 Ke5 52. Bd1 Kd4 53. Bh5 Kd3 54. Be2+ Kd2 55. Bb5 e3+ 56. Kf1 h5 57. Be2 g4 58. hxg4 hxg4 0-1

[Event "Dresden ZMD op"]
[Site "Dresden"]
[Date "2010.07.11"]
[Round "2"]
[White "Stark, Saskia"]
[Black "Khenkin, Igor"]
[Result "0-1"]
[WhiteElo "1970"]
[BlackElo "2632"]
[PlyCount "50"]
[EventDate "2010.07.10"]
[EventType "swiss"]
[EventRounds "9"]
[EventCountry "GER"]
[SourceTitle "CBM 137 Extra"]
[Source "ChessBase"]
[SourceDate "2010.09.01"]
[SourceVersion "1"]
[SourceVersionDate "2010.09.01"]
[SourceQuality "1"]

1. e4 Nf6 2. e5 Nd5 3. d4 d6 4. c4 Nb6 5. exd6 exd6 6. h3 Nc6 7. Nf3 Be7 8. Nc3 Bf5 9. a3 0-0 10. Be2 Re8 11. 0-0 Bf6 12. b3 Qd7 13. Be3 d5 14. c5 Nc8 15. b4 a6 16. Rc1 h6 17. Re1 N8e7 18. Bf1 Be4 19. Nh2 Nf5 20. Ng4 Bxd4 21. Bxd4 Nfxd4 22. Bd3 f5 23. Ne3 Ne5 24. Bxe4 dxe4 25. Kh1 Nd3 0-1

[Event "GER-ch U16 Girls"]
[Site "Oberhof"]
[Date "2010.05.23"]
[Round "1"]
[White "Stark, Saskia"]
[Black "Schaetz, Bianca"]
[Result "1-0"]
[WhiteElo "1993"]
[BlackElo "1836"]
[PlyCount "67"]
[EventDate "2010.05.22"]
[EventType "swiss"]
[EventRounds "9"]
[EventCountry "GER"]
[SourceTitle "CBM 136 Extra"]
[Source "ChessBase"]
[SourceDate "2010.07.02"]
[SourceVersion "2"]
[SourceVersionDate "2010.07.15"]
[SourceQuality "1"]

1. e4 c5 2. Nc3 Nc6 3. Bb5 g6 4. Bxc6 bxc6 5. d3 Bg7 6. Nge2 d6 7. h3 Nh6 8. Be3 f6 9. Qd2 Nf7 10. Na4 0-0 11. 0-0 Qc7 12. c4 Rb8 13. Rad1 f5 14. Ng3 fxe4 15. dxe4 Ba6 16. b3 Rbd8 17. Qc2 e5 18. Qc1 Bb7 19. Rd3 Rd7 20. Rfd1 Rfd8 21. Qd2 Bc8 22. Nf1 Bf6 23. Nh2 Bg7 24. Ng4 a6 25. Nh2 Kf8 26. Nf3 Kg8 27. Ng5 Qb8 28. Ne6 Re8 29. Nexc5 Rdd8 30. Qa5 dxc5 31. Rxd8 Nxd8 32. Rxd8 Kf7 33. Bxc5 Qb7 34. Bd6 1-0

[Event "BL2 Ost 0910 (Women)"]
[Site "Germany"]
[Date "2010.03.13"]
[Round "6.1"]
[White "Stark, Saskia"]
[Black "Pachow, Steffi"]
[Result "0-1"]
[WhiteElo "1956"]
[BlackElo "2003"]
[PlyCount "100"]
[EventDate "2009.11.07"]
[EventType "team-tourn"]
[EventRounds "7"]
[EventCountry "GER"]
[SourceTitle "CBM 133 Extra"]
[Source "ChessBase"]
[SourceDate "2010.01.05"]
[SourceVersion "1"]
[SourceVersionDate "2010.01.05"]
[SourceQuality "1"]
[WhiteTeam "Dresden Gruen Weiss (W)"]
[BlackTeam "Ruedersdorf (W)"]
[WhiteTeamCountry "GER"]
[BlackTeamCountry "GER"]

1. e4 c5 2. Nc3 Nc6 3. Bb5 g6 4. Bxc6 bxc6 5. d3 Bg7 6. Nge2 d5 7. 0-0 e6 8. Rb1 Ne7 9. Na4 Qa5 10. c4 dxc4 11. dxc4 Ba6 12. Bd2 Qc7 13. Qc2 Rd8 14. b3 Bd4 15. Rbd1 h6 16. Bc1 g5 17. Bb2 e5 18. Ba3 Qa5 19. Nc1 Bb5 20. cxb5 cxb5 21. Bxc5 bxa4 22. b4 Qb5 23. Qe2 a6 24. Nd3 Bxc5 25. bxc5 0-0 26. h4 Rd4 27. Qb2 Rfd8 28. Qxb5 axb5 29. Nb2 a3 30. Rxd4 Rxd4 31. Nd1 Rxe4 32. hxg5 hxg5 33. Nc3 Rb4 34. Rd1 Rb2 35. Rb1 Rxb1+ 36. Nxb1 b4 37. Nd2 Nc6 38. Kf1 f5 39. Ke2 Kf7 40. Kd3 Ke6 41. Kc4 e4 42. Nb3 Ke5 43. Na1 f4 44. Nc2 g4 45. g3 Kf5 46. Kd5 Ne7+ 47. Kc4 e3 48. fxe3 fxg3 49. Ne1 Nc6 50. Kd3 b3 0-1

[Event "BL2 Ost 0910 (Women)"]
[Site "Germany"]
[Date "2010.01.17"]
[Round "5.1"]
[White "Pflug, Tanja"]
[Black "Stark, Saskia"]
[Result "0-1"]
[WhiteElo "2055"]
[BlackElo "1956"]
[PlyCount "126"]
[EventDate "2009.11.07"]
[EventType "team-tourn"]
[EventRounds "7"]
[EventCountry "GER"]
[SourceTitle "CBM 133 Extra"]
[Source "ChessBase"]
[SourceDate "2010.01.05"]
[SourceVersion "1"]
[SourceVersionDate "2010.01.05"]
[SourceQuality "1"]
[WhiteTeam "Merseburg (W)"]
[BlackTeam "Dresden Gruen Weiss (W)"]
[WhiteTeamCountry "GER"]
[BlackTeamCountry "GER"]

1. f4 d5 2. Nf3 Nf6 3. g3 Bg4 4. Bg2 e6 5. b3 Nbd7 6. Bb2 Bxf3 7. Bxf3 Be7 8. 0-0 0-0 9. d3 c5 10. c4 Rb8 11. e4 d4 12. e5 Ne8 13. Qe2 b5 14. Nd2 a6 15. Bg4 Nb6 16. f5 exf5 17. Bxf5 g6 18. Be4 Bg5 19. Bc1 Be3+ 20. Kh1 Qe7 21. Nf3 Bxc1 22. Raxc1 bxc4 23. dxc4 a5 24. Qd2 a4 25. bxa4 Nxa4 26. Qh6 Nb6 27. Rb1 f5 28. Bd5+ Kh8 29. Ng5 Nc7 30. Bf7 Rxf7 31. Nxf7+ Qxf7 32. a4 Ne6 33. a5 Nd7 34. Rxb8+ Nxb8 35. Rb1 Qc7 36. Rb6 Qxe5 37. Qd2 Nd7 38. Rb2 Qe4+ 39. Qg2 Qe1+ 40. Qg1 Qe4+ 41. Qg2 Qe1+ 42. Qg1 Qxa5 43. Rb7 Qa8 44. Qg2 Qa1+ 45. Qg1 Qxg1+ 46. Kxg1 Nef8 47. Kf2 Kg7 48. Rc7 Kf6 49. Rc8 Ne6 50. Rc6 Ne5 51. Ra6 Nxc4 52. Ra7 h5 53. h4 Ne5 54. Ra6 Ng4+ 55. Ke2 Ke5 56. Kd3 Kd5 57. Ra7 Ne5+ 58. Kd2 c4 59. Ra5+ Ke4 60. Ra1 Nc5 61. Re1+ Kd5 62. Rb1 Ne4+ 63. Ke1 Nxg3 0-1

[Event "GER-ch U16 Girls"]
[Site "Willingen"]
[Date "2009.06.06"]
[Round "9"]
[White "Stark, Saskia"]
[Black "Smolkina, Milana"]
[Result "1/2-1/2"]
[WhiteElo "1936"]
[BlackElo "1917"]
[PlyCount "129"]
[EventDate "2009.05.30"]
[EventType "swiss"]
[EventRounds "9"]
[EventCountry "GER"]
[SourceTitle "EXT 2010"]
[Source "ChessBase"]
[SourceDate "2010.11.25"]
[SourceVersion "1"]
[SourceVersionDate "2010.11.25"]
[SourceQuality "1"]

1. e4 c5 2. Nf3 d6 3. d4 cxd4 4. Nxd4 Nf6 5. Nc3 g6 6. Nd5 Nxd5 7. Bb5+ Bd7 8. exd5 Bxb5 9. Nxb5 Qa5+ 10. Nc3 Bg7 11. 0-0 0-0 12. Re1 Re8 13. Bg5 Kf8 14. Qe2 Qd8 15. Qd2 Nd7 16. Ne4 Nb6 17. Bh6 Rc8 18. b3 Qc7 19. c4 Kg8 20. Bxg7 Kxg7 21. Qd4+ Kg8 22. Re3 a5 23. Rae1 Nd7 24. Ng5 Nf6 25. Rh3 h5 26. Rg3 Qd7 27. Qd3 h4 28. Rge3 Qg4 29. Nh3 Rc7 30. f3 Qh5 31. Qd4 a4 32. Nf2 axb3 33. axb3 Qh8 34. Qb6 Rd7 35. Qb5 Kf8 36. Ne4 Red8 37. Qa5 Rc8 38. Qa1 Qg7 39. Nxf6 Qxf6 40. Qxf6 exf6 41. Re4 g5 42. Ra1 Re7 43. Kf2 f5 44. Rxe7 Kxe7 45. Ra7 Rh8 46. Ke3 Kd7 47. Kd4 Kc7 48. b4 Kb6 49. Ra3 Kc7 50. c5 f6 51. Re3 dxc5+ 52. bxc5 Kd7 53. Re6 Rf8 54. Rb6 Kc8 55. d6 Re8 56. d7+ Kxd7 57. Rxb7+ Kc6 58. Rb6+ Kc7 59. Rxf6 Re2 60. g3 h3 61. Rxf5 Rxh2 62. Rxg5 Rh1 63. Rg7+ Kc6 64. Rg6+ Kc7 65. Rg7+ 1/2-1/2

[Event "GER-ch U16 Girls"]
[Site "Willingen"]
[Date "2009.06.05"]
[Round "8"]
[White "Carow, Annelen"]
[Black "Stark, Saskia"]
[Result "0-1"]
[WhiteElo "1661"]
[BlackElo "1936"]
[PlyCount "64"]
[EventDate "2009.05.30"]
[EventType "swiss"]
[EventRounds "9"]
[EventCountry "GER"]
[SourceTitle "EXT 2010"]
[Source "ChessBase"]
[SourceDate "2010.11.25"]
[SourceVersion "1"]
[SourceVersionDate "2010.11.25"]
[SourceQuality "1"]

1. d4 d5 2. Nf3 Nf6 3. e3 Bg4 4. c4 dxc4 5. Bxc4 e6 6. Qb3 Bxf3 7. gxf3 Nbd7 8. Nc3 Nb6 9. Be2 Be7 10. Bd2 0-0 11. 0-0 c5 12. dxc5 Bxc5 13. Rad1 Qe7 14. Kh1 Rfd8 15. Rg1 a6 16. Na4 Nxa4 17. Qxa4 b5 18. Qh4 Rd5 19. Bc3 Rxd1 20. Bxd1 Ne8 21. Qh6 g6 22. h4 b4 23. Be5 f6 24. Bh2 e5 25. h5 g5 26. Bc2 Nc7 27. f4 exf4 28. Bxf4 Ne6 29. Bb3 Kh8 30. Be5 Rf8 31. Bxe6 Qxe6 32. Rxg5 Qe7 0-1

[Event "GER-ch U16 Girls"]
[Site "Willingen"]
[Date "2009.06.02"]
[Round "5"]
[White "Begeluri, Nino"]
[Black "Stark, Saskia"]
[Result "0-1"]
[WhiteElo "1776"]
[BlackElo "1936"]
[PlyCount "48"]
[EventDate "2009.05.30"]
[EventType "swiss"]
[EventRounds "9"]
[EventCountry "GER"]
[SourceTitle "EXT 2010"]
[Source "ChessBase"]
[SourceDate "2010.11.25"]
[SourceVersion "1"]
[SourceVersionDate "2010.11.25"]
[SourceQuality "1"]

1. e4 d5 2. exd5 Qxd5 3. Nc3 Qd6 4. d4 Nf6 5. Be2 a6 6. Nf3 Nbd7 7. Be3 e6 8. 0-0 Be7 9. Nd2 c6 10. Nc4 Qc7 11. a4 Nd5 12. Bd2 0-0 13. f4 N7f6 14. Qe1 c5 15. Nxd5 exd5 16. Ba5 Qc6 17. Nb6 Rb8 18. Bd3 Re8 19. Nxc8 Qxc8 20. Bc3 c4 21. Be2 Bd6 22. Qd1 Qe6 23. Re1 Qe3+ 24. Kh1 Ne4 0-1

[Event "GER-ch U16 Girls"]
[Site "Willingen"]
[Date "2009.05.30"]
[Round "1"]
[White "Stark, Saskia"]
[Black "Mueller, Alexandra"]
[Result "0-1"]
[WhiteElo "1936"]
[BlackElo "1561"]
[PlyCount "64"]
[EventDate "2009.05.30"]
[EventType "swiss"]
[EventRounds "9"]
[EventCountry "GER"]
[SourceTitle "EXT 2010"]
[Source "ChessBase"]
[SourceDate "2010.11.25"]
[SourceVersion "1"]
[SourceVersionDate "2010.11.25"]
[SourceQuality "1"]

1. e4 e5 2. Nf3 Nc6 3. d4 exd4 4. Nxd4 Bc5 5. Nb3 Bb6 6. Nc3 d6 7. a4 a6 8. Nd5 Ba7 9. Qf3 Nge7 10. Bg5 Be6 11. 0-0-0 0-0 12. Qg3 Kh8 13. h4 f6 14. Be3 Bxe3+ 15. Qxe3 Re8 16. Qd2 Ne5 17. h5 Nxd5 18. exd5 Bd7 19. a5 Bb5 20. Nd4 Bd7 21. Be2 Qe7 22. Rdg1 Ng4 23. Bd3 Ne5 24. Bf5 Bxf5 25. Nxf5 Qd7 26. Nd4 Qa4 27. Nb3 Nc4 28. Qd4 Re2 29. Rh4 Qe8 30. Qd1 Re4 31. Rgh1 Qe5 32. Nd4 Rxh4 0-1

[Event "Jena Schwarzer Baer op"]
[Site "Jena"]
[Date "2009.02.08"]
[Round "7"]
[White "Schulz, Uwe"]
[Black "Stark, Saskia"]
[Result "0-1"]
[WhiteElo "1896"]
[BlackElo "1929"]
[PlyCount "76"]
[EventDate "2009.02.04"]
[EventType "swiss"]
[EventRounds "7"]
[EventCountry "GER"]
[SourceTitle "EXT 2010"]
[Source "ChessBase"]
[SourceDate "2010.11.25"]
[SourceVersion "1"]
[SourceVersionDate "2010.11.25"]
[SourceQuality "1"]

1. d4 d5 2. c4 dxc4 3. Nc3 e5 4. d5 Nf6 5. e4 c6 6. Bxc4 Bb4 7. Qd3 cxd5 8. Bxd5 0-0 9. Nge2 Be6 10. Bd2 Bxd5 11. exd5 Bxc3 12. Nxc3 e4 13. Qb5 Na6 14. Bg5 Nc7 15. Bxf6 Nxb5 16. Bxd8 Nxc3 17. Be7 Rfe8 18. d6 Nd5 19. Bh4 f6 20. 0-0-0 Nf4 21. Bg3 Ne2+ 22. Kd2 Nxg3 23. hxg3 Rad8 24. Ke3 Re6 25. Rd4 Rexd6 26. Rhd1 Rxd4 27. Rxd4 Rxd4 28. Kxd4 f5 29. Ke5 g6 30. Kf6 Kf8 31. b4 b5 32. a3 a6 33. Ke6 Kg7 34. Kd6 Kf6 35. Kc6 g5 36. Kb6 f4 37. gxf4 gxf4 38. Kxa6 e3 0-1

[Event "Jena Schwarzer Baer op"]
[Site "Jena"]
[Date "2009.02.07"]
[Round "4"]
[White "Stark, Saskia"]
[Black "Haessler, Wolfgang"]
[Result "0-1"]
[WhiteElo "1912"]
[BlackElo "2255"]
[PlyCount "56"]
[EventDate "2009.02.04"]
[EventType "swiss"]
[EventRounds "7"]
[EventCountry "GER"]
[SourceTitle "EXT 2010"]
[Source "ChessBase"]
[SourceDate "2010.11.25"]
[SourceVersion "1"]
[SourceVersionDate "2010.11.25"]
[SourceQuality "1"]

1. e4 d5 2. exd5 Nf6 3. d4 Nxd5 4. c4 Nb6 5. Nf3 g6 6. h3 Bg7 7. Nc3 0-0 8. Be2 Nc6 9. Be3 e5 10. d5 Ne7 11. 0-0 Nf5 12. Bc5 Re8 13. Re1 Nd7 14. Ba3 e4 15. Nh2 Nd4 16. Nf1 f5 17. Ne3 Ne5 18. Bf1 Qh4 19. g3 Nef3+ 20. Kh1 Qd8 21. Rc1 f4 22. Ng2 Nxe1 23. Qxe1 fxg3 24. fxg3 Bxh3 25. Nxe4 Bf5 26. Bd3 Bxe4 27. Bxe4 Qg5 28. Rc3 Qh5+ 0-1

[Event "BL2 Ost 0809 (Women)"]
[Site "Germany"]
[Date "2009.01.04"]
[Round "5.3"]
[White "Lange, Corinna"]
[Black "Stark, Saskia"]
[Result "1/2-1/2"]
[WhiteElo "2067"]
[BlackElo "1912"]
[PlyCount "70"]
[EventDate "2008.11.08"]
[EventType "team-tourn"]
[EventRounds "7"]
[EventCountry "GER"]
[SourceTitle "EXT 2010"]
[Source "ChessBase"]
[SourceDate "2010.11.25"]
[SourceVersion "1"]
[SourceVersionDate "2010.11.25"]
[SourceQuality "1"]
[WhiteTeam "Zeulenroda (W)"]
[BlackTeam "Dresden Gruen Weiss (W)"]
[WhiteTeamCountry "GER"]
[BlackTeamCountry "GER"]

1. e4 c5 2. Nf3 e6 3. d4 cxd4 4. Nxd4 a6 5. Nc3 Qc7 6. Be2 Nf6 7. 0-0 Be7 8. a4 b6 9. f4 d6 10. Be3 Bb7 11. Bf3 Nbd7 12. Nb3 0-0 13. g4 Nc5 14. Nxc5 dxc5 15. Qe2 Rfd8 16. g5 Nd7 17. Bg2 Nf8 18. Qg4 f6 19. h4 fxg5 20. hxg5 c4 21. Kh1 Bc5 22. Bxc5 Qxc5 23. f5 exf5 24. exf5 Bxg2+ 25. Qxg2 Ra7 26. Rf2 Rd4 27. Re1 Rh4+ 28. Kg1 Re7 29. Rxe7 Qxe7 30. Kf1 Qe3 31. Ne2 Qh3 32. Qxh3 Rxh3 33. Nf4 Rg3 34. Rg2 Rf3+ 35. Rf2 Rg3 1/2-1/2